Los escritores suicidas : (Record no. 18346)

MARC details
000 -LEADER
campo de control de longitud fija 00708cam a2200205 i 4500
001 - NÚMERO DE CONTROL
campo de control 37181
005 - FECHA Y HORA DE LA ÚLTIMA TRANSACCIÓN
campo de control 20230410102050.0
008 - DATOS DE LONGITUD FIJA--INFORMACIÓN GENERAL
campo de control de longitud fija 070327b1994 dr a 000 0 spa
041 0# - CÓDIGO DE IDIOMA
Código de lengua del texto/banda sonora o título independiente spa
050 14 - SIGNATURA TOPOGRÁFICA DE LA BIBLIOTECA DEL CONGRESO
Número de clasificación 118 HV 6545
Número de ítem H557e 1994
100 1# - ENTRADA PRINCIPAL--NOMBRE DE PERSONA
Nombre de persona Hernando, Guillermo
245 14 - MENCIÓN DEL TÍTULO
Título Los escritores suicidas :
Resto del título un estudio comparativo con la población general /
Mención de responsabilidad, etc. Guillermo Hernando.
260 ## - PUBLICACIÓN, DISTRIBUCIÓN, ETC.
Lugar de publicación, distribución, etc. Santo Domingo :
Nombre del editor, distribuidor, etc. Instituto Dominicano para la Prevención y Asistencia a la Depresión y el Suicidio (INDESUI),
Fecha de publicación, distribución, etc. 1994
300 ## - DESCRIPCIÓN FÍSICA
Extensión 196 p.
650 #0 - PUNTO DE ACCESO ADICIONAL DE MATERIA--TÉRMINO DE MATERIA
Término de materia o nombre geográfico como elemento de entrada Suicide
Subdivisión general psychology
Subdivisión geográfica Dominican Republic.
650 #0 - PUNTO DE ACCESO ADICIONAL DE MATERIA--TÉRMINO DE MATERIA
Término de materia o nombre geográfico como elemento de entrada Authors
Subdivisión general Suicidal behavior.
650 #0 - PUNTO DE ACCESO ADICIONAL DE MATERIA--TÉRMINO DE MATERIA
Término de materia o nombre geográfico como elemento de entrada Suicide
Subdivisión general Research.
653 ## - TÉRMINO DE INDIZACIÓN--NO CONTROLADO
Término no controlado Suicidio
942 ## - ELEMENTOS DE ENTRADA SECUNDARIOS (KOHA)
Fuente del sistema de clasificación o colocación Clasificación de Library of Congress
Tipo de ítem Koha
Holdings
Estatus retirado Estado de pérdida Fuente del sistema de clasificación o colocación Estado de daño No para préstamo Colección Biblioteca de origen Biblioteca actual Ubicación en estantería Fecha de adquisición Serial enumeration / chronology Signatura topográfica completa Código de barras Visto por última vez Copia número Tipo de ítem Koha
    Clasificación de Library of Congress     Recursos Regionales Biblioteca Juan Bosch Biblioteca Juan Bosch Recursos Regionales (2do. Piso) 10/04/2023 1 118 HV 6545 H557e 1994 00000038135 23/10/2018 1